000 01379njm a22003017a 4500
005 20100906145724.0
007 sd ammalaaahaa
008 100904t xxu||||| |||| 00| 0 hin d
028 _aN. 53723
_bHis Master's Voice
028 _aOJE. 17058
_bHis Master's Voice
028 _aOJE. 17060
_bHis Master's Voice
035 _aGR-00647
040 _aSED/VEN
100 _aMohammed Rafi
_91184
245 _aHum Donon; Part-1
_bHindustani /
_cby Mohammed Rafi[and] Asha Bhosle ; Music Dtn. by Jai Dev; Lyric by Sahir
_h[Sound Recording] :
246 _aहम दोनों (मोहम्मद रफ़ी)
260 _aDum Dum, India :
_bHis Master's Voice
_cn.d.
300 _a1 sound disc [Gramophone Recording] :
_banalog, 33 1/3 rpm ;
_c10 in.
_fGramophone Records
500 _aBrief Records
505 _aSong Side-1; कभी खुद पे कभी हालात पे (हम दोनों) (मोहम्मद रफ़ी): Song Side-2; मैं जिन्दगी का साथ निभाता (मोहम्मद रफ़ी); Part-2
650 _aClassical Music
_xExcerpts
_zIndia
_918309
700 _918319
_aJai Dev
700 _918320
_aSahir
700 _918624
700 _918625
942 _2ddc
_cGR
999 _c44037
_d44037